The Elements Water (Record no. 61497)

MARC details
000 -LEADER
fixed length control field 00302nam a2200121Ia 4500
008 - FIXED-LENGTH DATA ELEMENTS--GENERAL INFORMATION
fixed length control field 221007s9999 xx 000 0 und d
041 ## - LANGUAGE CODE
Language code of text/sound track or separate title eng
082 ## - DEWEY DECIMAL CLASSIFICATION NUMBER
Item number HUS
100 ## - MAIN ENTRY--PERSONAL NAME
Personal name Sharma S.K.,Composer
9 (RLIN) 97012
245 #4 - TITLE STATEMENT
Title The Elements Water
260 ## - PUBLICATION, DISTRIBUTION, ETC. (IMPRINT)
Date of publication, distribution, etc. 2011
Name of publisher, distributor, etc. The India Today Group
Place of publication, distribution, etc. Delhi
906 ## - LOCAL DATA ELEMENT F, LDF (RLIN)
b General
Holdings
Withdrawn status Lost status Damaged status Not for loan Home library Current library Date acquired Vendor Cost, normal purchase price Bill number Total Checkouts Full call number Barcode Date last seen Cost, replacement price Bill Date Koha item type Original Barcode
        Smt. Hiraben Nanavati Institute of Management & Research for Women Smt. Hiraben Nanavati Institute of Management & Research for Women 08/12/2011 Dream Inheritor 100.00 2812   HUS HIMR-AV-1379 07/10/2022 100.00 17/11/2011 Video Casset AV1379